AH International Schools' Libraries

Ariel : The Birthday Surprise / (Record no. 49378)

MARC details
000 -LEADER
fixed length control field 00725nam a2200169 4500
020 ## - INTERNATIONAL STANDARD BOOK NUMBER
International Standard Book Number 9781445418308
100 ## - MAIN ENTRY--PERSONAL NAME
Personal name Herman, Gail,
Relator term author.
9 (RLIN) 59098
245 ## - TITLE STATEMENT
Title Ariel : The Birthday Surprise /
Statement of responsibility, etc By Gail Herman, Illustrated by Studio IBOIX and Andrea Cagol.
260 ## - PUBLICATION, DISTRIBUTION, ETC. (IMPRINT)
Place of publication, distribution, etc Bath, UK :
Name of publisher, distributor, etc Parragon ;
Date of publication, distribution, etc 2011.
300 ## - PHYSICAL DESCRIPTION
Extent 96 pages.
Dimensions 12.8 x 0.7 x 20.3 cm.
500 ## - GENERAL NOTE
General note These lovely chapter books are perfect for fans of the Disney princesses, and can be enjoyed alone or read out-loud.
650 ## - SUBJECT ADDED ENTRY--TOPICAL TERM
9 (RLIN) 74802
Topical term or geographic name as entry element Disney characters
Form subdivision Juvenile fiction.
650 ## - SUBJECT ADDED ENTRY--TOPICAL TERM
9 (RLIN) 44679
Topical term or geographic name as entry element Surprise birthday parties
Form subdivision Juvenile fiction.
650 ## - SUBJECT ADDED ENTRY--TOPICAL TERM
9 (RLIN) 73536
Topical term or geographic name as entry element Princess
Form subdivision Juvenile Fiction
650 ## - SUBJECT ADDED ENTRY--TOPICAL TERM
9 (RLIN) 37292
Topical term or geographic name as entry element Mermaids
Form subdivision Juvenile fiction.
942 ## - ADDED ENTRY ELEMENTS (KOHA)
Source of classification or shelving scheme
Koha item type Book
Holdings
Withdrawn status Lost status Source of classification or shelving scheme Damaged status Not for loan Home library Current library Date acquired Total Checkouts Full call number Barcode Date last seen Date checked out Price effective from Koha item type
          Logos International School Logos International School 08/21/2025 1 CB DIS 042883 08/25/2025 08/22/2025 08/21/2025 Book

For any Logos Library related questions please contact Miss Art at swongnarasuk@asianhope.org.

For any Asian Hope Library related questions please contact Miss Raza at graza@asianhope.org.

Powered by Koha